00247nam a2200097Ia 4500008004100000100003000041245003200071260002200103942000700125999001700132190216s9999||||xx |||||||||||||| ||und|| aDr.Meenakshi Sundaran T P 0aThamizh Sahithya Charithram bKerala Basha Inst cBK c37669d37669